Catálogo
 En Linea

Religión 4 : (Registro nro. 55877)

Detalles MARC
000 -CABECERA
campo de control de longitud fija 01745nam a2200337 i 4500
003 - IDENTIFICADOR DEL NÚMERO DE CONTROL
campo de control DO-SdBNP
005 - FECHA Y HORA DE LA ÚLTIMA TRANSACCIÓN
campo de control 20250618095602.0
007 - CAMPO FIJO DE DESCRIPCIÓN FÍSICA--INFORMACIÓN GENERAL
campo de control de longitud fija ta
008 - DATOS DE LONGITUD FIJA--INFORMACIÓN GENERAL
campo de control de longitud fija 240209s2001 dr ac 000 0 spa d
020 ## - NÚMERO INTERNACIONAL ESTÁNDAR DEL LIBRO
Número Internacional Estándar del Libro 8482614177
040 ## - FUENTE DE LA CATALOGACIÓN
Centro catalogador/agencia de origen DO-SdBNP
Lengua de catalogación spa
Centro/agencia transcriptor BNPHU
Normas de descripción rda
082 #4 - NÚMERO DE LA CLASIFICACIÓN DECIMAL DEWEY
Número de clasificación xxx
Número de documento/Ítem R382
Número de edición 22
100 ## - ENTRADA PRINCIPAL--NOMBRE DE PERSONA
Nombre de persona Rodríguez, Federico
9 (RLIN) 29575
Código de función/relación au.
Término indicativo de función/relación autor
245 10 - MENCIÓN DE TÍTULO
Título Religión 4 :
Resto del título educación básica /
Mención de responsabilidad, etc. Federico Rodríguez ; dirección editorial Obdulia García de Escobar ; ilustración Ruddy Núñez.
246 13 - FORMA VARIANTE DE TÍTULO
Título propio/Titulo breve Religión 4 :
Resto del título formación integral, humana y religiosa
264 #1 - PRODUCCIÓN, PUBLICACIÓN, DISTRIBUCIÓN, FABRICACIÓN Y COPYRIGHT
Producción, publicación, distribución, fabricación y copyright Santo Domingo, República Dominicana :
Nombre del de productor, editor, distribuidor, fabricante Santillana,
Fecha de producción, publicación, distribución, fabricación o copyright 2001.
300 ## - DESCRIPCIÓN FÍSICA
Extensión 63 páginas :
Otras características físicas ilustraciones, retratos ;
Dimensiones 28 cm.
336 ## - TIPO DE CONTENIDO
Término de tipo de contenido texto
Código de tipo de contenido txt
Fuente rdacontent
337 ## - TIPO DE MEDIO
Nombre/término del tipo de medio sin mediación
Código del tipo de medio n
Fuente rdamedia
338 ## - TIPO DE SOPORTE
Nombre/término del tipo de soporte volumen
Código del tipo de soporte nc
Fuente rdacarrier
490 0# - MENCIÓN DE SERIE
Mención de serie Umbral
500 ## - NOTA GENERAL
Nota general Educación básica
500 ## - NOTA GENERAL
Nota general Formación integral, humana y religiosa.
500 ## - NOTA GENERAL
Nota general Este libro ha sido realizado de conformidad con el currículum vigente y ha sido sometido a la aprobación de la SEE
505 0# - NOTA DE CONTENIDO CON FORMATO
Información miscelánea unidad 1 --
Título ¿Quiénes fueron los primeros amigos de Jesús? --
Información miscelánea unidad 2 --
Título ¿A qué nos invita Jesús? --
Información miscelánea unidad 3 --
Título ¿Qué nos enseño Jesús? --
Información miscelánea unidad 4 --
Título ¿Somos como quiere Jesús? --
Información miscelánea unidad 5 --
Título ¿Qué mundo quiere Jesús? --
Información miscelánea unidad 6 --
Título ¿Quién es Jesús? --
Información miscelánea unidad 7 --
Título ¿Qué nos ha dicho Jesús de Dios? --
Información miscelánea unidad 8 --
Título ¿Cómo vivía Jesús? --
Información miscelánea unidad 9 --
Título ¿Cómo murió Jesús? --
Información miscelánea unidad 10 --
Título ¿Está vivo Jesús? --
590 ## - NOTA LOCAL (RLIN)
Nota local Inventariado, 2024/ YL
700 1# - PUNTO DE ACCESO ADICIONAL--NOMBRE DE PERSONA
Nombre de persona García Escobar, Obdulia de
Término indicativo de función/relación editor
9 (RLIN) 29220
Código de función/relación ed.
700 1# - PUNTO DE ACCESO ADICIONAL--NOMBRE DE PERSONA
Nombre de persona Núñez, Ruddy,
Término indicativo de función/relación ilustrador
9 (RLIN) 23171
Código de función/relación il.
910 ## - DATOS DE OPCIÓN DEL USUARIO (OCLC)
Datos de opción del usuario YLockward
942 ## - ELEMENTOS DE PUNTO DE ACCESO ADICIONAL (KOHA)
Fuente del sistema de clasificación o colocación Dewey Decimal Classification
Tipo de ítem Koha Libro
Existencias
Estado de retiro Estado de pérdida Fuente del sistema de clasificación o colocación Restricciones de uso No para préstamo Código de colección Localización permanente Ubicación/localización actual Ubicación en estantería Fecha de adquisición Total de préstamos Signatura topográfica completa Código de barras Fecha visto por última vez Precio válido a partir de Tipo de ítem Koha Número de copia Fuente de adquisición
    Dewey Decimal Classification Excluido de préstamo   Infantojuvenil Patrimonio Dominicano Biblioteca Nacional Pedro Henríquez Ureña Biblioteca Nacional Pedro Henríquez Ureña En catalogación 09.02.2024   BNPHU CIJ-PD R382 2024-0897 09.02.2024 09.02.2024 Libro    
    Dewey Decimal Classification Excluido de préstamo   Infantojuvenil Patrimonio Dominicano Biblioteca Nacional Pedro Henríquez Ureña Biblioteca Nacional Pedro Henríquez Ureña En catalogación 09.02.2024   BNPHU CIJ-PD R382 2024-0898 09.02.2024 09.02.2024 Libro e. 2  
    Dewey Decimal Classification Préstamo en sala   Dominicana de Servicio Biblioteca Nacional Pedro Henríquez Ureña Biblioteca Nacional Pedro Henríquez Ureña En catalogación 09.02.2024   BNPHU CIJ-DS R382 2024-0899 09.02.2024 09.02.2024 Libro e. 3  
    Dewey Decimal Classification Préstamo en sala   Dominicana de Servicio Biblioteca Nacional Pedro Henríquez Ureña Biblioteca Nacional Pedro Henríquez Ureña En catalogación 16.12.2021   BNPHU CIJ-DS R382 2024-0900 09.02.2024 09.02.2024 Libro e. 4 Colegio Nuestra Señora de Lourdes

Con tecnología Koha